000 00339nam a2200145Ia 4500
008 230718s9999 xx 000 0 und d
041 _aEng.
082 _a346.54
_bREH-T
100 _aRehman, Roja Abdue
245 4 _athe legal practiones
260 _aPakistan
_bLow book fablin
_c2009
300 _a402
650 _aLaw
999 _c29168
_d29168